LEADER 01240nam a2200301 4500 001 000000344054 003 CaOOAMICUS 005 20211006101739.0 008 210201s2006 it 000 u ita r 020 $a88-07-01700-8 040 $aSeMil$bita 100 1 $aKertész, Imre,$d<1929-2016>.$0(OLS)http://semarc/name/108314 240 10$aKaddis a meg nem született gyermekért.$0(OLS)http://semarc/title/433125 245 10$aKaddish per il bambino non nato /$cImre Kertész ; traduzione di Mariarosaria Sciglitano. 264 1$aMilano :$bFeltrinelli,$c2006. 300 $a107 p. ;$c22 cm 490 1 $aNarratori 541 $aFondo mons. Pasquale Macchi (1V IV 324) 700 1 $aSciglitano, Mariarosaria.$0(OLS)http://semarc/name/112934 830 0$aNarratori.$0(OLS)http://semarc/title/425583 850 $aSeMil 852 $aSeMil$W1$xVenegono$y1$m1V IV 324$j224017$B235100$CSeMilBibl$Z2$F235100 $81 941 1 $a8 961 $aFondo mons. Pasquale Macchi 996 $6020$a88-07-01700-8$9(OLS)http://semarc/number/292246 996 $6245$aKaddish per il bambino non nato$9(OLS)http://semarc/title/433124 996 $6264$aMilano :$bFeltrinelli$9(OLS)http://semarc/publisher/30237 LEADER 00748nam a2200169 i 4500 001 000000026384 003 CaOOAMICUS 005 20180830125447.0 008 180830n it u000 u ita u 040 $aSeMil$bita 100 1 $aPirenne, Jacques,$d<1891-1972>.$0(OLS)http://semarc/name/6400 245 14$aLes grands courants de l'histoire universelle /$cJacques Pirenne. 260 $aNeuchatel :$bÉdition de la Baconničre,$c[192-?] 300 $av. ;$c21 cm. 774 0 $aPirenne, Jacques <1891-1972>$tDe la révolution française aux révolutions de 1830.$g4$w()211426 996 $6245$aLes grands courants de l'histoire universelle$9(OLS)http://semarc/title/35604 996 $6260$aNeuchatel :$bÉdition de la Baconničre$9(OLS)http://semarc/publisher/31631